000 00536nam a2200193Ia 4500
003 OSt
005 20240821125252.0
008 210210b1998 xxu||||| |||| 00| 0 eng d
040 _cAL
041 _aKannada
082 _aK494.5 PERB
100 _aPERLA KRASHNA BHATTA.
_dಪೆರ್ಲ ಕೃಷ್ಣ ಭಟ್ಟ
_9177654
245 _aBhashashuddi.
_bಭಾಷಾಶುದ್ದಿ
260 _aPutturu.
_bKarnataka Sangha.,
_c1998
300 _a50
690 _aKannada Grammar
_9177655
906 _a053960
942 _2ddc
_cBK
999 _c102051
_d102051